Do we stay or not? return intentions of temporary migrants

Enregistré dans:
Détails bibliographiques
Auteur principal: Dustmann, Christian
Format: Livre
Langue:anglais
Publié: Florence European University Institute 1992
Collection:EUI working paper ECO No. 92/94
Sujets:
Tags: Ajouter un tag
Pas de tags, Soyez le premier à ajouter un tag!

MARC

LEADER 00000nam a2200000 4500
001 c100168
005 20221123101604.3
041 0 |a eng 
044 |a IT 
245 1 0 |a Do we stay or not?  |b return intentions of temporary migrants  |c Christian Dustmann 
264 1 |a Florence  |b European University Institute  |c 1992 
300 |a 35 s. 
490 1 |a EUI working paper  |v ECO No. 92/94 
830 0 |a EUI working paper  |v ECO No. 92/94 
610 2 0 |a migrácia 
610 2 0 |a práca v zahraničí 
610 2 0 |a cudzinci 
610 2 0 |a trh práce 
610 2 0 |a motivácia 
610 2 0 |a ponuka práce 
100 1 |a Dustmann, Christian